Estrategias tácticas para la excelencia académica (Record no. 8767)

MARC details
000 -LEADER
campo de control de longitud fija 00380nam a2200145Ia 4500
001 - NÚMERO DE CONTROL
campo de control 4643
008 - DATOS DE LONGITUD FIJA--INFORMACIÓN GENERAL
campo de control de longitud fija 241024s9999 xx 000 0 und d
020 ## - NÚMERO INTERNACIONAL ESTÁNDAR DEL LIBRO
Número Internacional Estándar del Libro 978-9945-16-233-2
082 ## - NÚMERO DE LA CLASIFICACIÓN DECIMAL DEWEY
Número de clasificación RD/371.97293/M538e
100 ## - ENTRADA PRINCIPAL--NOMBRE DE PERSONA
Nombre de persona Wagner Mendez
245 #0 - MENCIÓN DEL TÍTULO
Título Estrategias tácticas para la excelencia académica
260 ## - PUBLICACIÓN, DISTRIBUCIÓN, ETC.
Nombre del editor, distribuidor, etc. Ed. Búho
Fecha de publicación, distribución, etc. 2008
901 ## - ELEMENTOS DE DATOS A LOCAL LDA (RLIN)
a 14/7/2017 3:51:39 p.m.

No items available.

© 2024. Todos los Derechos Reservados. Desarrollado por IDEICE